header

Second order partial differential equations in Hilbert spaces (Record no. 22612)

MARC details
000 -LEADER
fixed length control field 01387nam a22003374a 4500
082 04 - DEWEY DECIMAL CLASSIFICATION NUMBER
Classification number 515/.353
100 1# - MAIN ENTRY--AUTHOR NAME
Personal name Da Prato, Giuseppe.
245 10 - TITLE STATEMENT
Title Second order partial differential equations in Hilbert spaces
260 ## - PUBLICATION, DISTRIBUTION, ETC. (IMPRINT)
Place of publication Cambridge, UK ;
-- New York :
Name of publisher Cambridge University Press,
Year of publication 2002.
300 ## - PHYSICAL DESCRIPTION
Number of Pages xvi, 379 p.
490 1# - SERIES STATEMENT
Series statement London Mathematical Society lecture note series ;
650 #0 - SUBJECT ADDED ENTRY--TOPICAL TERM
Topical Term Differential equations, Partial.
Topical Term Hilbert space.
700 1# - ADDED ENTRY--PERSONAL NAME
Personal name Zabczyk, Jerzy.
856 40 - ELECTRONIC LOCATION AND ACCESS
Uniform Resource Identifier http://site.ebrary.com/lib/rucke/Doc?id=10023388

No items available.

© 2026 Rongo University
Contact us: librarian | system librarian | Rongo university